Особенности формирования бренда территорий; Экономика России в XXI веке; Т. 2
| Parent link: | Экономика России в XXI веке: сборник научных трудов XII Международной научно-практической конференции "Экономические науки и прикладные исследования", г. Томск, 17-21 ноября 2015 г./ Национальный исследовательский Томский политехнический университет (ТПУ) ; ред. кол. Г. А. Барышева [и др.].— , 2015 Т. 2.— 2015.— [С. 218-222] |
|---|---|
| Hlavní autor: | |
| Korporativní autor: | |
| Další autoři: | |
| Shrnutí: | Заглавие с титульного экрана В данной статье изучены особенности формирования территориального бренда, как инструмента по повышению конкурентоспособности региона с целью привлечения инвестиционных ресурсов. |
| Jazyk: | ruština |
| Vydáno: |
2015
|
| Edice: | Роль маркетинга в инновационном развитии экономики и общества |
| Témata: | |
| On-line přístup: | http://earchive.tpu.ru/handle/11683/15414 http://www.lib.tpu.ru/fulltext/c/2015/C40/V2/044.pdf |
| Médium: | MixedMaterials Elektronický zdroj Kapitola |
| KOHA link: | https://koha.lib.tpu.ru/cgi-bin/koha/opac-detail.pl?biblionumber=616867 |
MARC
| LEADER | 00000naa2a2200000 4500 | ||
|---|---|---|---|
| 001 | 616867 | ||
| 005 | 20231101132930.0 | ||
| 035 | |a (RuTPU)RU\TPU\conf\15123 | ||
| 035 | |a RU\TPU\conf\15122 | ||
| 090 | |a 616867 | ||
| 100 | |a 20160126d2015 k y0rusy50 ca | ||
| 101 | 0 | |a rus | |
| 102 | |a RU | ||
| 105 | |a y z 101zy | ||
| 135 | |a drgn ---uucaa | ||
| 181 | 0 | |a i | |
| 182 | 0 | |a b | |
| 200 | 1 | |a Особенности формирования бренда территорий |f А. О. Краснолуцкая |g науч. рук. В. В. Еремин | |
| 203 | |a Текст |c электронный | ||
| 225 | 1 | |a Роль маркетинга в инновационном развитии экономики и общества | |
| 230 | |a 1 компьютерный файл (pdf; 648 Kb) | ||
| 300 | |a Заглавие с титульного экрана | ||
| 320 | |a [Библиогр.: с. 222 (5 назв.)] | ||
| 330 | |a В данной статье изучены особенности формирования территориального бренда, как инструмента по повышению конкурентоспособности региона с целью привлечения инвестиционных ресурсов. | ||
| 337 | |a Adobe Reader | ||
| 461 | 1 | |0 (RuTPU)RU\TPU\conf\14421 |t Экономика России в XXI веке |o сборник научных трудов XII Международной научно-практической конференции "Экономические науки и прикладные исследования", г. Томск, 17-21 ноября 2015 г. |o в 2 т. |f Национальный исследовательский Томский политехнический университет (ТПУ) ; ред. кол. Г. А. Барышева [и др.] |d 2015 | |
| 463 | 0 | |0 (RuTPU)RU\TPU\conf\14423 |t Т. 2 |v [С. 218-222] |d 2015 | |
| 610 | 1 | |a труды учёных ТПУ | |
| 610 | 1 | |a электронный ресурс | |
| 610 | 1 | |a бренды-территорий | |
| 610 | 1 | |a конкурентоспособность | |
| 610 | 1 | |a регионы | |
| 610 | 1 | |a инвестиционные ресурсы | |
| 700 | 1 | |a Краснолуцкая |b А. О. | |
| 702 | 1 | |a Еремин |b В. В. |c экономист |c доцент Томского политехнического университета, кандидат экономических наук |f 1949- |g Василий Васильевич |2 stltpush |4 727 | |
| 712 | 0 | 2 | |a Национальный исследовательский Томский политехнический университет (ТПУ) |b Институт социально-гуманитарных технологий (ИСГТ) |b Кафедра инженерного предпринимательства (ИП) |h 5423 |2 stltpush |3 (RuTPU)RU\TPU\col\18857 |
| 801 | 2 | |a RU |b 63413507 |c 20210209 |g RCR | |
| 856 | 4 | |u http://earchive.tpu.ru/handle/11683/15414 | |
| 856 | 4 | |u http://www.lib.tpu.ru/fulltext/c/2015/C40/V2/044.pdf | |
| 942 | |c BK | ||